000 00210 a2200109 4500
020 _a2800873588692
041 _aspa
100 _aLowell;Susan
245 _aLa tortuga y la liebre
942 _cBK
952 _71
999 _c19719
_d19719